| 000 | 00440nam a22001697a 4500 | ||
|---|---|---|---|
| 999 |
_c526778 _d526778 |
||
| 003 | NUST | ||
| 038 | _aWaseem | ||
| 082 |
_a891.439 _bAri |
||
| 100 |
_aArif, _917780 |
||
| 245 |
_aAdubiat / _cAfitikhar Arif |
||
| 260 |
_aIslamabad : _bInternational Islamic University press, _c2008. |
||
| 300 | _a579 p. ; | ||
| 500 | _aHardcover. | ||
| 880 |
_6100-01\r _aافتخارعارف |
||
| 880 |
_6245-02\r _aادبیات / |
||
| 942 |
_2ddc _cBK |
||